<?xml version="1.0" encoding="UTF-8"?>
<collection xmlns="http://www.loc.gov/MARC21/slim">
  <record>
    <leader>00000nam  2200000   4500</leader>
    <controlfield tag="001">INLIS000000000018921</controlfield>
    <controlfield tag="005">20250115032307</controlfield>
    <datafield tag="035" ind1="#" ind2="#">
      <subfield code="a">0010-0125000065</subfield>
    </datafield>
    <controlfield tag="007">ta</controlfield>
    <controlfield tag="008">250115################g##########0#ind##</controlfield>
    <datafield tag="020" ind1="#" ind2="#">
      <subfield code="a">979 8939 51 4</subfield>
    </datafield>
    <datafield tag="082" ind1="#" ind2="#">
      <subfield code="a">959.8</subfield>
    </datafield>
    <datafield tag="084" ind1="#" ind2="#">
      <subfield code="a">959.8 RAM m</subfield>
    </datafield>
    <datafield tag="100" ind1=" " ind2="#">
      <subfield code="a">Ramto, Bun Yamin</subfield>
    </datafield>
    <datafield tag="245" ind1="1" ind2="#">
      <subfield code="a">Membangun Bangsa Indonesia Bersatu (Terpadu) /</subfield>
      <subfield code="c">Bun Yamin Ramto</subfield>
    </datafield>
    <datafield tag="250" ind1="#" ind2="#">
      <subfield code="a">Cetakan ke 1</subfield>
    </datafield>
    <datafield tag="260" ind1="#" ind2="#">
      <subfield code="a">Jakarta :</subfield>
      <subfield code="b">Pustaka Spirit,</subfield>
      <subfield code="c">2006</subfield>
    </datafield>
    <datafield tag="300" ind1="#" ind2="#">
      <subfield code="a">xviii, 371 halaman :</subfield>
      <subfield code="b">ilus ;</subfield>
      <subfield code="c">21 cm</subfield>
    </datafield>
    <datafield tag="500" ind1="#" ind2="#">
      <subfield code="a">Ditulis tokoh yang sarat pengalaman di bidang pemerintahan, pendidikan, bisnis praktis, politik, dan pergaulan ilmiah yang luas, buku Membangun Bangsa Indonesia Bersatu (Terpadu); Pemikiran, Konsep, dan Contoh Pelaksanaan memperlihatkan bagaimana progres kehidupan selayaknya digulirkan. Prof. Dr.Ir. Bun Yamin Ramto, SE melihat, betapa banyak pemikiran, konsep-konsep, dan strategi pelaksanaan penyelesaian berbagai persoalan kehidupan selayaknya diperbaharui, sesuai dengan perkembangan zaman, ilmu pengetahuan, dan tuntutan masyarakat. Berbagai gagasan segar disajikan lewat perspektif yang luas dan tajam. Berbagai persoalan dibedah disertai tawaran solusinya. Dan pada akhirnya, Bun Yamin Ramto membentangkan benang merah yang begitu tegas: apa pun yang dilakukan dalam memajukan kehidupan, visi utama sebaiknya tidak bergeser dari keinginan kuat untuk menciptakan kehidupan bersama yang sejahtera. Karena kalangan, termasuk para mahasiswa, akademisi, para eksekutif, politisi, pegawai pemerintah, dan masyarakat luas yang mendambakan meraih kehidupan lebih baik di masa mendatang.</subfield>
    </datafield>
    <datafield tag="650" ind1="#" ind2="4">
      <subfield code="a">Sejarah Indonesia</subfield>
    </datafield>
    <datafield tag="990" ind1="#" ind2="#">
      <subfield code="a">130213876</subfield>
    </datafield>
    <datafield tag="990" ind1="#" ind2="#">
      <subfield code="a">130213878</subfield>
    </datafield>
    <datafield tag="990" ind1="#" ind2="#">
      <subfield code="a">130213879</subfield>
    </datafield>
  </record>
</collection>
